000 00623nam a2200241Ia 4500
003 OSt
005 20221007072530.0
006 a|||||r|||| 00| 0
007 ta
008 221006b |||||||| |||| 00| 0 eng d
024 _a26,693
037 _cTextual
040 _aFLL
_cFLL
_beng
041 _2eng
_aeng
082 _aZ3:94y7, J7
100 _aNokes G.D.
_9690873
245 0 _aCases and statutes on evidence
250 _a9th
260 _aLondon
_bSweet & Maxwell Limited UK
_c1957
300 _axxxi,512p
_ccm.
942 _hZ3:94y7, J7
_cTEXL
_2CC
999 _c1146333
_d1146333